UBT Library

Health promontion in nursing: (Record no. 2421)

000 -LEADER
fixed length control field 00346nam a22001337a 4500
008 - FIXED-LENGTH DATA ELEMENTS--GENERAL INFORMATION
fixed length control field 160524b xxu||||| |||| 00| 0 eng d
020 ## - INTERNATIONAL STANDARD BOOK NUMBER
International Standard Book Number 9781418020897
020 ## - INTERNATIONAL STANDARD BOOK NUMBER
International Standard Book Number 9781418020897
020 ## - INTERNATIONAL STANDARD BOOK NUMBER
International Standard Book Number 1418020893
041 ## - LANGUAGE CODE
Language code of text/sound track or separate title eng
080 ## - UNIVERSAL DECIMAL CLASSIFICATION NUMBER
Universal Decimal Classification number 618.2
245 ## - TITLE STATEMENT
Title Health promontion in nursing:
Statement of responsibility, etc Janice A. Maville; Carolina G. Huerta;
942 ## - ADDED ENTRY ELEMENTS (KOHA)
Source of classification or shelving scheme
Item type Books
Holdings
Withdrawn status Lost status Source of classification or shelving scheme Damaged status Not for loan Collection code Permanent location Current location Shelving location Date acquired Total Checkouts Full call number Barcode Date last seen Price effective from Koha item type
          Koleksioni i përgjithshem UBT - Lipjan UBT - Lipjan Koleksioni i përgjithshem 05/24/2016   618.2 MAV 002-035837 01/12/2017 05/24/2016 Books
UBT Library © 2015-2024. All rights reserved University Education for Business and Technology